Maternidades e infancias “modernas” en discusión. Una aproximación a los diálogos –asimétricos- y la economía moral y política del desarrollo desde el oriente de Guatemala /

A partir de ciertas “retóricas visuales” ancladas en la trama de la atención al hambre y la desnutrición en una región del oriente de Guatemala, este texto ofrece un acercamiento a la economía moral y política del sufrimiento a través de las versiones de la “maternidad” y la “infancia” que se ponen...

Full description

Bibliographic Details
Main Author: Juárez, Lorenzo Mariano
Format: Libro
Language:English
Published: Santiago, Chile Universidad Academia de Humanismo Cristiano 2012
Subjects:
Online Access:Acceso electrónico al documento

MARC

LEADER 00000cam a2200000 a 4500
001 039542
003 UAHC_CL
005 20170803124356.0
008 030903b xx j 000 1 eng
020 |z 0718876X 
040 |a UAHC_CL  |c UAHC_CL  |d UAHC_CL 
100 1 |a Juárez, Lorenzo Mariano 
245 1 0 |a Maternidades e infancias “modernas” en discusión. Una aproximación a los diálogos –asimétricos- y la economía moral y política del desarrollo desde el oriente de Guatemala /  |c Lorenzo Mariano Juárez. 
260 |b Universidad Academia de Humanismo Cristiano  |c 2012  |a Santiago, Chile 
300 |a p. 82-112 
500 |a En: Revista Chilena de Antropología Visual. No. 18 junio, 2012. pp. 82-112. ISSN 0718876X. 
520 |a A partir de ciertas “retóricas visuales” ancladas en la trama de la atención al hambre y la desnutrición en una región del oriente de Guatemala, este texto ofrece un acercamiento a la economía moral y política del sufrimiento a través de las versiones de la “maternidad” y la “infancia” que se ponen en juego en las prácticas del humanitarismo y la cooperación al desarrollo. Frente a cierta visión que sostiene que los cuerpos del sufrimiento son ahora los cuerpos del empoderamiento, este texto aborda los paisajes recreados por la hegemonía, situando el sufrimiento de los otros en un bien de consumo y la expresión contemporánea de la falta de moral. Un escenario general de (des)encuentros, un espacio donde los cuerpos políticos del sufrimiento se convierten en el campo social de la desigualdad. 
650 4 |a DESIGUALDAD 
650 4 |a MATERNIDAD 
650 4 |a HUMANISMO 
856 |u http://www.antropologiavisual.cl/juarez.html#2  |3 Acceso electrónico al documento  |y Acceso electrónico al documento 
900 |a REV. CHIL. ANTROPOL. VIS.-19/12 
942 |c BK 
999 |c 39542  |d 39542